00431 a2200169 450000500170000001000130001702000110003003500130004103700160005408200160007024500660008626000370015227000110018930000250020070000190022570000170024420240509113845.0 aB-758872 c595.00 aB-758872 bGift/Unesco a305.8991554 aAsserting Voices/bEdited by- Hemant Joshi [and] Sanjay Kumar aDelhibDeshkal Publicationc2002 a Delhi a176 p.;c24cm. (Hb) aJoshi, Hemant  aSanjay Kumar